| 000 | 01014cad a22002055a 4500 | ||
|---|---|---|---|
| 001 | L150476 | ||
| 008 | 100719s20100708xxk f 000 0 eng d | ||
| 035 | _a(Sirsi) u150476 | ||
| 041 | 0 | _aeng | |
| 050 | 0 | 4 | _a333.33 $2 18 |
| 110 | 2 |
_aLloyds Banking Group _95822 |
|
| 245 | 0 | 0 |
_aHalifax House Price Index _bJune 2010 _h[electronic resource] |
| 260 |
_aLondon _bLloydsbankinggroup _c2010 |
||
| 520 | _aUnited Kingdom house prices fell by 0.6% in June 2010 following similar fall in May. House prices in June 2010 6.3% higher than in June 2009. The increase in the number of properties for sale is curbing the upward pressure on house prices. The low level of interest rates continues to support housing demand. | ||
| 590 | _aKA | ||
| 651 | 4 |
_aUnited Kingdom _y |
|
| 690 | _aPROPERTY-RESIDENTIAL PROPERTY-RESIDENTIAL PROPERTY MARKET | ||
| 856 | 4 | 8 |
_uhttps://www.lloydsbankinggroup.com/media/pdfs/research/2010/HousePriceIndexJune2010.pdf _zView this item free of charge at www.lloydsbankinggroup.com |
| 942 | _n0 | ||
| 999 |
_c110891 _d110891 |
||